00508nmm a2200157Ia 4500008004100000020001800041041000800059100002000067245010000087264004800187300001800235650002200253856005100275942000700326999001700333251105s9999||||xx |||||||||||||||||und|| a9788416288953 aspa aFalcón, Lidia 0aEl honor de Dios. Una novela basada en el asesinato de Lasa y Zabala y el terrorismo de Estado. a[Madrid, España] :bEl Viejo Topo, c2016 a556 páginas aSpanish narrative uhttps://public.digitaliapublishing.com/a/57646 cCF c77496d77496